| 000 | 01270cad a22002175a 4500 | ||
|---|---|---|---|
| 001 | L152773 | ||
| 008 | 110420e20110203xxk 000 0 eng d | ||
| 035 | _a(Sirsi) u152773 | ||
| 041 | 0 | _aeng | |
| 245 | 0 | 0 | _aChristopher Magrath v Parkside Hotels Limited |
| 260 | _c2011 | ||
| 520 | _a[2011] EWHC 143 (Ch), 3 February 2011. Highlights that a right of way easement granted many years ago may have been invalidated by the rule against perpetuities. Claimant (M) owned a house which used the same fire escape route as a neighbouring hotel owned by defendant (P). M applied for a declaration that the 1947 fire escape easement was void and unenforceable because the right to renew, erect and use new staircases creating new access points after 1947 fell foul of the rule of perpetuities. "Held": HC agreed with M that the easement was nullified by the rule against perpetuities. | ||
| 590 | _aKA | ||
| 650 | 2 | 4 | _aMAGRATH V PARKSIDE HOTELS LTD |
| 650 | 2 | 4 | _aLAW OF PROPERTY (MISCELLANEOUS PROVISIONS) ACT 1989 S2 |
| 650 | 2 | 4 | _aRULE AGAINST PERPETUITIES |
| 651 | 4 |
_aEngland and Wales _y1543- |
|
| 690 |
_aBoundary disputes _96221 |
||
| 856 | 4 | 0 |
_uhttps://www.bailii.org/ew/cases/EWHC/Ch/2011/143.html _zView the law report free of charge at www.bailii.org |
| 942 | _n0 | ||
| 999 |
_c83083 _d83083 |
||